| 000 | 00902nam a2200205 a 4500 | ||
|---|---|---|---|
| 003 | 0 | ||
| 005 | 20250424075630.0 | ||
| 008 | 050808s19uu xx 00 eng d | ||
| 050 |
_aPHS QH 96.8.D57 _b.F47 2005 |
||
| 100 | _aFerenal, Darren Dave Abando. | ||
| 245 |
_aThe Capability of selected rivers of Metro Manila to support aquatic life in terms of dissolved oxygen / _cDarren Dave Abando Ferenal. |
||
| 260 |
_aLas PiƱas City, Philippines : _bSouthville International School and Colleges, _c2005. |
||
| 300 |
_a25 pages : _bcolored illustrations ; _c28 cm. |
||
| 504 | _aIncludes bibliographical references. | ||
| 650 |
_aAquatic ecology _zPhilippines _zMetro Manila. |
||
| 650 |
_2Library of Congress Subject Headings _aDissolved oxygen _xEnvironmental aspects. |
||
| 651 |
_2Library of Congress Subject Headings _aWater quality _zPhilippines _zMetro Manila. |
||
| 942 |
_2lcc _cPASS |
||
| 999 |
_c97223 _d97223 |
||